Normal view MARC view
  • BOND

Entry Personal Name

Number of records used in: 2

001 - CONTROL NUMBER

  • control field: 35378

003 - CONTROL NUMBER IDENTIFIER

  • control field: OSt

005 - DATE AND TIME OF LATEST TRANSACTION

  • control field: 20260604101915.0

008 - FIXED-LENGTH DATA ELEMENTS

  • fixed length control field: 260604|| aca||aabn | a|a d

040 ## - CATALOGING SOURCE

  • Original cataloging agency: OSt
  • Transcribing agency: OSt

100 ## - HEADING--PERSONAL NAME

  • Personal name: BOND

670 ## - SOURCE DATA FOUND

  • Source citation: Work cat.: (OSt)8181: BOND, CRAZY TIMES WITH UNCLE KEN

Copyright © 2024 Indian Institute of Management Visakhapatnam
Koha v23.05